00836nam a22001697a 450000500170000000800410001702000180005804100080007608200160008410000200010024500740012026000270019430000080022136500190022952004060024865000120065420230825105844.0230823b |||||||| |||| 00| 0 eng d a9781906388140 aeng a746.92bHOU aHoughton Lizzie aFelting Fashion : Creative & Inspirational Techniques for Felt-makers aLondonbBatsfordc2009 a127 b1572.37cRs.00 a• Equipment for Feltmaking • How to Make Felt • Working with Cords, Spikes & Balls • Working with Network Felt • Using Resist & Templates • Embellishment • Making Hats • Seamless Felt Jacket • Nuno Felt • Nuno-Felt vest top • Nuno-felt Jackets • Dyeing wool & silk with acid dyes • Nuno-felt jackets using a template • Mosaic jacket • Long & Full-skirted nuno-felt coat  aFashion